Út a belső nyugalomhoz

Bibliographic Details
Main Authors: Póda, Erzsébet, 1965- (Author, Interviewer), Geljen, Ildikó Darshan (Author), Geljen, Tibor (Author)
Format: Article
Language:Hungarian
PhysicalDescription:Fotogr.
ISSN:1335-938X
Subjects:

MARC

LEADER 00000nab a2200000 ar4500
001 vtls008299686
003 SK-MaSNL
005 20260318123547.0
008 160405c2005 xo |||||| | 000 b|hun
015 |a SNBRB2005/07  |2 snkbucl 
038 |a SNKBUCL 
040 |a DSZK  |b slo  |c DSZK  |e AACR2 
041 0 |a hun 
044 |a xo  |c SK 
080 |a 294.3:061.2  |x (437.6)  |2 1997 
100 1 |a Póda, Erzsébet,  |d 1965-  |4 ivr  |4 aut  |9 340268 
245 1 0 |a Út a belső nyugalomhoz  |c Póda Erzsébet, Geljen Ildikó Darshan, Geljen Tibor 
300 |b Fotogr. 
610 2 7 |a Tibet Baráti Társaság (Andovce, Slovensko)  |2 snkbucl  |9 1313509 
650 0 7 |a budhizmus  |2 snkbucl  |9 1819 
651 7 |a Andovce (Slovensko)  |2 snkbucl  |9 69512 
700 1 |a Geljen, Ildikó Darshan  |4 ive  |4 aut  |9 1313510 
700 1 |a Geljen, Tibor  |4 ive  |4 aut  |9 845094 
773 0 |t Új nő  |g Sz. 6 (2005), o. 38-39  |x 1335-938X 
852 |a SNK  |b KIS3GCP 
852 |a DSZK  |b KIS3GCP 
958 |a HU 
958 |a SK 
999 |c 2643957  |d 2645887